| 000 | 01034cam a22003375i 4500 | ||
|---|---|---|---|
| 001 | 111592 | ||
| 005 | 20230410103914.0 | ||
| 008 | 130521s2013 fr 000 0 fre | ||
| 035 | _a17788467 | ||
| 020 | _a9791021001039 | ||
| 035 | _a(FrPJT)JTL00327078 | ||
| 040 |
_aDLC _beng _cDLC _erda |
||
| 041 | _afre | ||
| 042 | _apcc | ||
| 050 | 1 | 4 |
_a432 DS 98 _bB265a 2013 |
| 100 | 1 | _aBaron, Xavier. | |
| 245 | 1 | 0 |
_aAux origines du drame syrien : _b1918-2013 / _cXavier Baron. |
| 260 |
_aParis : _bTallandier, _cc2013. |
||
| 300 |
_a316 p. ; _c22 cm |
||
| 651 | 0 |
_aSyria _xHistory _yFrench occupation, 1918-1946 |
|
| 651 | 0 |
_aSyria _xPolitics and government _y20th century. |
|
| 651 | 0 |
_aSyria _xHistory _yProtests, 2011- |
|
| 651 | 0 |
_aSyria _xHistory _y20th century. |
|
| 651 | 0 |
_aSyria _xPolitics and government _y21st century. |
|
| 651 | 4 |
_aSiria _xHistoria _ySiglo XXI |
|
| 651 | 4 |
_aSiria _xPolĂtica y gobierno _ySiglo XXI |
|
| 923 |
_d20130611 _nB10005693 _sFrPJT |
||
| 942 |
_2lcc _cbk |
||
| 985 | _eVENDOR LOAD | ||
| 946 | _almd | ||
| 999 |
_c28162 _d28162 |
||